| 000 | 00710nam a22002057a 4500 | ||
|---|---|---|---|
| 003 | OSt | ||
| 005 | 20230925105032.0 | ||
| 008 | 230925b |||||||| |||| 00| 0 eng d | ||
| 020 | _a9780852892756 | ||
| 020 | _a9780852892770 | ||
| 040 |
_aKAB LIB _beng. _cKAB LIB _erda |
||
| 082 |
_222 _a348.041 _b LAW |
||
| 245 |
_aThe law reports: _bAppeal cases 2012 vol. 2/ _cClive Scowen, Barrister and Bernard Agyeman, Barrister [editors] |
||
| 260 |
_aLondon : _bThe Incorporated Council of Law Reporting for England and Wales, _cc 2012. |
||
| 300 |
_axxviii, 570 p. ; _c24 cm. |
||
| 650 | _2Appeal Cases | ||
| 700 |
_aBarrister, Clive Scowen _912781 |
||
| 700 |
_aBarrister, Bernard Agyeman _912782 |
||
| 942 |
_2ddc _cBOOK |
||
| 999 |
_c4976 _d4976 |
||